| 000 | 00679nam a22002177a 4500 | ||
|---|---|---|---|
| 999 |
_c14121 _d14121 |
||
| 003 | AR-CdUCM | ||
| 008 | 190327b ||||| |||| 00| 0 spa d | ||
| 020 | _a978-612-301-853-5 | ||
| 040 |
_aMUNICIPALIDAD PROVINCIAL DEL CUSCO _cBIBLIOTECA MUNICIPAL DEL CUSCO |
||
| 082 |
_aEP / 803 / _bM41 |
||
| 100 |
_aMelville, Herman _91506 |
||
| 245 | _aMoby Dick / | ||
| 260 |
_aLima : _bQG editores SAC., _c2013. |
||
| 300 |
_a63 páginas ; _bIlustraciones. _c22 cm. |
||
| 440 |
_aColección Clásicos universales. _932791 |
||
| 505 | _aContenido :Moby Dick ... | ||
| 650 |
_aCuentos infantiles _93927 |
||
| 650 |
_aSiglo XXI _92856 |
||
| 942 |
_2ddc _cLIBROS |
||
| 945 |
_arum _d2019-04-22 |
||